<?xml version="1.0" encoding="UTF-8"?>
<marc:record xmlns:marc="http://www.loc.gov/MARC21/slim">
   <marc:leader>00000nam a2200000 a 4500</marc:leader>
   <marc:datafield ind1=" " ind2=" " tag="653">
      <marc:subfield code="a">Softcover / Sachbücher/Lexika</marc:subfield>
   </marc:datafield>
   <marc:datafield ind1=" " ind2=" " tag="653">
      <marc:subfield code="a">Nachschlagewerke</marc:subfield>
   </marc:datafield>
   <marc:datafield ind1="0" ind2="0" tag="245">
      <marc:subfield code="a">"Small World"</marc:subfield>
   </marc:datafield>
   <marc:datafield ind1="0" ind2="0" tag="245">
      <marc:subfield code="c">Stephan Breier &amp; Martina Feurstein</marc:subfield>
   </marc:datafield>
   <marc:datafield ind1=" " ind2="1" tag="264">
      <marc:subfield code="a">Hohenems</marc:subfield>
      <marc:subfield code="b">Bucher</marc:subfield>
      <marc:subfield code="c">2014</marc:subfield>
   </marc:datafield>
   <marc:datafield ind1=" " ind2=" " tag="250">
      <marc:subfield code="a">1. Aufl.</marc:subfield>
   </marc:datafield>
   <marc:datafield ind1="1" ind2=" " tag="520">
      <marc:subfield code="a">Angaben aus der Verlagsmeldung

small world 2 : 23 in Vorarlberg / von Martina Feurstein, Stephan Breier

Ist es Zufall, dass so viele erfolgreiche und kreative „Zuagreiste“ in Vorarlberg landen? „small world II – 23 in Vorarlberg“ geht dieser Frage nach. Die Teilnehmer arbeiten in den verschiedensten Bereichen und kommen aus den unterschiedlichsten Teilen der Welt. Neben bekannten Persönlichkeiten wie David Pountney oder Yilmaz Dziewior finden sich auch Menschen, die weniger in der Öffentlichkeit stehen, wie etwa der Senn aus Brasilien. Mit Sofortbildern zeichnen sie Momentaufnahmen ihrer Lebensentwürfe. Arbeitsproben und handschriftliche Antworten auf sehr persönliche Fragen ergeben ein Bilderlesebuch der besonderen Art. Das Buch ist der vorläufige Abschluss des Projekts „small world“.
</marc:subfield>
   </marc:datafield>
   <marc:datafield ind1=" " ind2=" " tag="020">
      <marc:subfield code="a">9783990182161</marc:subfield>
      <marc:subfield code="9">9783990182161</marc:subfield>
   </marc:datafield>
   <marc:datafield ind1=" " ind2=" " tag="041">
      <marc:subfield code="a">ger</marc:subfield>
   </marc:datafield>
   <marc:datafield ind1=" " ind2=" " tag="300">
      <marc:subfield code="a">197 S.</marc:subfield>
   </marc:datafield>
</marc:record>
